000
00260nam a22001217a 4500
008
170227b xxu||||| |||| 00| 0 eng d
041
_a
eng
080
_2
6 ED
_a
617
100
_a
5
101
_a
SHK
245
_a
VETERINARY SURGERY
_c
FRANK.E.R
942
_2
udc
_c
BK
999
_c
6267
_d
6267